[Event "SC Mülheim 1 - SV Wattenscheid 3"]
[Site "Verbandsklasse - Gr. 2 2019/2"]
[Date "2020.01.19"]
[Round "5.6"]
[White "Riek, Wolfgang"]
[Black "Thon, Manfred"]
[Result "1/2-1/2"]
[WhiteElo "1733"]
[BlackElo "1843"]
[PlyCount "119"]
[EventDate "2020.??.??"]
[WhiteTeam "SC Mülheim 1"]
[BlackTeam "SV Wattenscheid 3"]

1. Nf3 Nf6 2. d4 d5 3. e3 Bf5 4. c4 e6 5. Nc3 c6 6. Be2 dxc4 7. Bxc4 Nbd7 8.
O-O Nb6 9. Bb3 Be7 10. Re1 Bg4 11. Bd2 O-O 12. Qe2 c5 13. dxc5 Bxc5 14. Rad1
Qe7 15. e4 h6 16. Bc2 Bd4 17. e5 Bxc3 18. Bxc3 Nfd5 19. Bd2 Rac8 20. Bd3 Rc7
21. h3 Bxf3 22. Qxf3 Nb4 23. Bb1 Rc4 24. a3 N4d5 25. Qd3 f5 26. exf6 Qxf6 27.
Qh7+ Kf7 28. b3 Rcc8 29. Qe4 Rce8 30. f4 Kg8 31. Qh7+ Kf7 32. f5 e5 33. Re2 Nf4
34. Bxf4 exf4 35. Re6 Rxe6 36. fxe6+ Qxe6 37. b4 Rd8 38. Qg6+ Qxg6 39. Bxg6+
Ke7 40. Re1+ Kf6 41. Be4 Rd7 42. Rc1 Ke5 43. Bf3 Kf6 44. Rc5 Re7 45. Kf2 Re3
46. Ra5 Nc4 47. Rxa7 b5 48. Bd5 Nxa3 49. Rf7+ Ke5 50. Bc6 Rg3 51. Rb7 Rb3 52.
Bxb5 Rxb4 53. Bc6 Rxb7 54. Bxb7 Nc4 55. Bf3 Ne3 56. g4 g5 57. Ke2 Kd4 58. Kd2
Nc4+ 59. Ke2 Ne5 60. Bg2 1/2-1/2

[Event "SC Mülheim 1 - SV Wattenscheid 3"]
[Site "Verbandsklasse - Gr. 2 2019/2"]
[Date "2020.01.19"]
[Round "5.7"]
[White "Doehmann, Joerg"]
[Black "Wisotzky, Klaus"]
[Result "1/2-1/2"]
[WhiteElo "1768"]
[BlackElo "1657"]
[PlyCount "44"]
[EventDate "2020.??.??"]
[WhiteTeam "SV Wattenscheid 3"]
[BlackTeam "SC Mülheim 1"]

1. d4 d5 2. Bf4 e6 3. e3 Bd6 4. Bg3 Ne7 5. Nf3 Nf5 6. Bd3 Nxg3 7. hxg3 h6 8.
Nbd2 c5 9. c3 Nc6 10. Bb5 Bd7 11. O-O Qb6 12. Bxc6 Bxc6 13. Qc2 Rc8 14. Rfe1
O-O 15. Rad1 Qc7 16. dxc5 Bxc5 17. Nd4 Bd6 18. e4 dxe4 19. Nxc6 Qxc6 20. Qxe4
Rfd8 21. Qxc6 Rxc6 22. Ne4 Kf8 1/2-1/2

[Event "SC Mülheim 1 - SV Wattenscheid 3"]
[Site "Verbandsklasse - Gr. 2 2019/2"]
[Date "2020.01.19"]
[Round "5.8"]
[White "Martin, Andreas"]
[Black "Schlee, Ulrich"]
[Result "0-1"]
[WhiteElo "2166"]
[BlackElo "1745"]
[PlyCount "52"]
[EventDate "2020.??.??"]
[WhiteTeam "SC Mülheim 1"]
[BlackTeam "SV Wattenscheid 3"]

1. d4 d5 2. c4 e5 3. dxe5 d4 4. Nf3 Nc6 5. g3 Nge7 6. Bg2 Ng6 7. O-O Ngxe5 8.
Nbd2 Be7 9. a3 O-O 10. b4 Rb8 11. b5 Nxf3+ 12. Nxf3 Na5 13. Qa4 b6 14. Rd1 Bc5
15. Bb2 Qe7 16. Rd2 Be6 17. Rc1 Rfd8 18. Nxd4 Qg5 19. e3 Qh6 20. Bf1 Rd6 21.
Bc3 Bh3 22. Be2 Re8 23. Rcd1 Rxe3 24. Bxa5 Rxa3 25. Qc2 Rxa5 26. Nf5 Bxf5 0-1

[Event "SG Mengede 1 - SC Gerthe - Werne 1"]
[Site "Verbandsklasse - Gr. 3 2019/2"]
[Date "2020.01.19"]
[Round "5.1"]
[White "Quast, Marcel"]
[Black "Borgschulze, Maik"]
[Result "1/2-1/2"]
[WhiteElo "2236"]
[BlackElo "2111"]
[Annotator "Daniel"]
[PlyCount "121"]
[EventDate "2020.??.??"]
[WhiteTeam "SC Gerthe - Werne 1"]
[BlackTeam "SG Mengede 1"]

1. e4 e6 2. d4 d5 3. Nd2 Nf6 4. e5 Nfd7 5. f4 c5 6. Ngf3 Nc6 7. Nb3 c4 8. Nbd2
b5 9. Be2 Be7 10. Nf1 O-O 11. Ne3 f6 12. O-O fxe5 13. fxe5 Nb6 14. c3 Bd7 15.
Qe1 Be8 $11 16. Qg3 Bg6 17. Qg4 Qd7 18. h4 b4 19. h5 Be4 20. Nd2 Rxf1+ 21. Bxf1
Bd3 22. Bxd3 cxd3 23. h6 Bf8 24. Qh3 Ne7 25. hxg7 Bxg7 26. Ng4 bxc3 27. bxc3
Ng6 28. Nb3 Rf8 29. Nc5 Qb5 30. Qxd3 Qxd3 31. Nxd3 Na4 32. Bd2 h5 33. Ngf2 Rc8
34. Rc1 Bf8 35. Nh3 Ba3 36. Rc2 Kf7 37. Be1 Ke7 38. Nhf4 Nxf4 39. Nxf4 Bb2 40.
Kh2 Rc4 41. Ne2 Kf7 42. Kh3 Kg6 43. Kh4 Kf5 44. Ng3+ Kg6 45. Rf2 Bxc3 46. Rf6+
Kh7 47. Bxc3 Nxc3 48. Rxe6 Rxd4+ 49. Kxh5 Rd2 50. Rh6+ Kg8 51. Rg6+ Kf8 52. Nf5
d4 53. g3 d3 54. Rd6 Ne4 55. Rd4 Nc5 56. Kg6 Ke8 57. Rd5 Rc2 58. Ne3 Rc3 59.
Nf5 Rc2 60. Ne3 Rc3 61. Nf5 1/2-1/2

[Event "SG Mengede 1 - SC Gerthe - Werne 1"]
[Site "Verbandsklasse - Gr. 3 2019/2"]
[Date "2020.01.19"]
[Round "5.2"]
[White "Delvos, Thorsten"]
[Black "Brueggestraß, Volker"]
[Result "1/2-1/2"]
[WhiteElo "1998"]
[BlackElo "1994"]
[PlyCount "58"]
[EventDate "2020.??.??"]
[WhiteTeam "SG Mengede 1"]
[BlackTeam "SC Gerthe - Werne 1"]

1. d4 Nf6 2. c4 g6 3. Nc3 d5 4. cxd5 Nxd5 5. e4 Nxc3 6. bxc3 Bg7 7. Nf3 c5 8.
Rb1 O-O 9. Be2 b6 10. O-O Bb7 11. Qd3 Ba6 12. Qe3 Bxe2 13. Qxe2 cxd4 14. cxd4
Nc6 15. Rd1 Rc8 16. Be3 Qd7 17. d5 Na5 18. Rbc1 Rxc1 19. Rxc1 Rc8 20. Qa6 Rxc1+
21. Bxc1 Qc7 22. Bd2 Nc4 23. Bb4 Ne5 24. Nxe5 Bxe5 25. g3 Bd4 26. Qd3 Qc1+ 27.
Kg2 Qb2 28. Qd2 Qxd2 29. Bxd2 Kf8 1/2-1/2

[Event "SG Mengede 1 - SC Gerthe - Werne 1"]
[Site "Verbandsklasse - Gr. 3 2019/2"]
[Date "2020.01.19"]
[Round "5.3"]
[White "Gottmann, Bernd"]
[Black "Weinert, Christian"]
[Result "1-0"]
[WhiteElo "1953"]
[BlackElo "1944"]
[PlyCount "81"]
[EventDate "2020.??.??"]
[WhiteTeam "SC Gerthe - Werne 1"]
[BlackTeam "SG Mengede 1"]

1. d4 Nf6 2. c4 e6 3. Nc3 Bb4 4. e3 O-O 5. Nge2 d5 6. a3 Bd6 7. Ng3 b6 8. cxd5
exd5 9. Bd3 Nc6 10. O-O Ne7 11. Nb5 Bxg3 12. hxg3 Re8 13. Qc2 c6 14. Nc3 a5 15.
Bd2 Ba6 16. Rac1 Qd7 17. Na4 Bxd3 18. Qxd3 Rab8 19. Qc2 Qe6 20. b4 Ng4 21. Qd1
f5 22. f3 Nf6 23. bxa5 bxa5 24. Kf2 Nh5 25. Rh1 g6 26. Rh3 Rb5 27. Nc5 Qd6 28.
Rb1 Reb8 29. Rxb5 Rxb5 30. Bc3 Nc8 31. Qe1 Nb6 32. a4 Rxc5 33. dxc5 Qxc5 34.
Bxa5 Nxa4 35. Qd2 f4 36. gxf4 Nb2 37. Qxb2 Qxa5 38. Rh1 Qd8 39. g3 c5 40. Rb1
Nf6 41. Qe5 1-0

[Event "SG Mengede 1 - SC Gerthe - Werne 1"]
[Site "Verbandsklasse - Gr. 3 2019/2"]
[Date "2020.01.19"]
[Round "5.4"]
[White "Bork, Sophie"]
[Black "Berens, Thomas"]
[Result "1/2-1/2"]
[WhiteElo "1881"]
[BlackElo "1833"]
[PlyCount "120"]
[EventDate "2020.??.??"]
[WhiteTeam "SG Mengede 1"]
[BlackTeam "SC Gerthe - Werne 1"]

1. e4 c5 2. c3 d5 3. exd5 Qxd5 4. Nf3 Nf6 5. Na3 Qd8 6. Be2 e6 7. O-O Nbd7 8.
Nc2 Be7 9. d4 Qc7 10. dxc5 Nxc5 11. Ncd4 a6 12. Qc2 b6 13. Re1 O-O 14. Bg5 Re8
15. g3 Bb7 16. Bf4 Bd6 17. Bxd6 Qxd6 18. Rad1 Qc7 19. Qc1 Rad8 20. Nh4 b5 21.
Bf3 Bd5 22. Bxd5 Rxd5 23. Qc2 Ncd7 24. Ng2 Ne5 25. Qe2 Qc4 26. Ne3 Qxe2 27.
Rxe2 Rd7 28. Kg2 Red8 29. Nec2 Nc4 30. b3 Nb6 31. Rc1 Nfd5 32. Ne3 Nxc3 33.
Rxc3 Rxd4 34. Rc6 R4d6 35. Rec2 Kf8 36. Kf3 Ke7 37. Rc7+ R8d7 38. R2c6 Rxc6 39.
Rxc6 Rd6 40. Rc7+ Nd7 41. Ke2 g6 42. Ng4 f6 43. Ne3 e5 44. Nc2 Kd8 45. Rc3 Nb8
46. Nb4 Kd7 47. Nd3 Nc6 48. Nc5+ Ke7 49. Ne4 Nd4+ 50. Kf1 Rc6 51. Rxc6 Nxc6 52.
Nc5 a5 53. Ke2 h6 54. Ke3 Kd6 55. Ne4+ Ke6 56. Nc3 b4 57. Na4 f5 58. Nb6 e4 59.
h4 g5 60. hxg5 hxg5 1/2-1/2

[Event "SG Mengede 1 - SC Gerthe - Werne 1"]
[Site "Verbandsklasse - Gr. 3 2019/2"]
[Date "2020.01.19"]
[Round "5.5"]
[White "Kalle, Yannis"]
[Black "Ewers, Christian"]
[Result "1-0"]
[WhiteElo "1811"]
[BlackElo "1781"]
[PlyCount "89"]
[EventDate "2020.??.??"]
[WhiteTeam "SC Gerthe - Werne 1"]
[BlackTeam "SG Mengede 1"]

1. e4 c5 2. Nf3 d6 3. d4 cxd4 4. Nxd4 Nf6 5. Nc3 e5 6. Nb3 Nc6 7. f3 Qc7 8. Nb5
Qb8 9. c4 a6 10. Nc3 Ne7 11. Be3 Bd7 12. c5 Ng6 13. Rc1 Be7 14. Bc4 O-O 15. Nd5
Nxd5 16. Bxd5 Rd8 17. cxd6 Bxd6 18. O-O Bb5 19. Rf2 Nf4 20. Bxf4 exf4 21. Nd4
Be8 22. Qb3 Qa7 23. Rd2 Be5 24. Rcd1 Rac8 25. Qxb7 Qxb7 26. Bxb7 Rb8 27. Bxa6
Bxd4+ 28. Rxd4 Rxd4 29. Rxd4 Rxb2 30. a4 Kf8 31. a5 Rb1+ 32. Kf2 Rb2+ 33. Kf1
Ra2 34. Rd5 Ra1+ 35. Ke2 Ra2+ 36. Kf1 Bc6 37. Rc5 Ra1+ 38. Ke2 Ra2+ 39. Kd3 Bd7
40. Bc4 Ra3+ 41. Kd4 Ra4 42. Ke5 f6+ 43. Kd6 Ke8 44. a6 Kd8 45. Rc7 1-0

[Event "SG Mengede 1 - SC Gerthe - Werne 1"]
[Site "Verbandsklasse - Gr. 3 2019/2"]
[Date "2020.01.19"]
[Round "5.6"]
[White "Kraus, Reinhard"]
[Black "Melmer, Felix"]
[Result "0-1"]
[WhiteElo "1766"]
[BlackElo "1833"]
[PlyCount "120"]
[EventDate "2020.??.??"]
[WhiteTeam "SG Mengede 1"]
[BlackTeam "SC Gerthe - Werne 1"]

1. c4 c5 2. g3 g6 3. Bg2 Bg7 4. Nc3 Nc6 5. d3 Nf6 6. e4 d6 7. Nge2 Bd7 8. O-O
h5 9. h4 Qc8 10. Kh2 Ng4+ 11. Kg1 Nd4 12. Nxd4 Bxd4 13. Ne2 Bf6 14. Rb1 Ne5 15.
Nf4 Nc6 16. Nd5 Bd4 17. Be3 Bg4 18. Qd2 f6 19. b4 Kf7 20. b5 Bxe3 21. fxe3 Ne5
22. b6 a6 23. Rbc1 Qd8 24. d4 Nd7 25. Rb1 Rc8 26. Nc7 Nxb6 27. dxc5 dxc5 28.
Qxd8 Rhxd8 29. Rxb6 Rxc7 30. e5 f5 31. Bd5+ Kg7 32. Rfb1 Rdd7 33. a4 Be2 34. a5
Bd3 35. R1b3 Be4 36. e6 Rd6 37. Rxb7 Rxb7 38. Rxb7 Bxd5 39. cxd5 Rxd5 40. Rb6
Rd6 41. Kf2 Kf6 42. Ke2 Kxe6 43. Rb7 Rc6 44. Kd3 c4+ 45. Kc3 Kd6 46. Rb4 Kd5
47. Rb7 Re6 48. Kd2 Kc5 49. Ke2 Rd6 50. Rb8 e5 51. Rb7 e4 52. Rb8 c3 53. Rb3
Kc4 54. Rb6 Rd2+ 55. Ke1 Kd3 56. Rxa6 Re2+ 57. Kf1 Ra2 58. Rd6+ Kxe3 59. a6 c2
60. Rc6 Ra1+ 0-1

[Event "SG Mengede 1 - SC Gerthe - Werne 1"]
[Site "Verbandsklasse - Gr. 3 2019/2"]
[Date "2020.01.19"]
[Round "5.7"]
[White "Loeffelbein, Klaus"]
[Black "Wiktor, Reinhard"]
[Result "1-0"]
[WhiteElo "1843"]
[BlackElo "1803"]
[PlyCount "151"]
[EventDate "2020.??.??"]
[WhiteTeam "SC Gerthe - Werne 1"]
[BlackTeam "SG Mengede 1"]

1. d4 Nf6 2. c4 d6 3. Nf3 g6 4. g3 Bg7 5. Bg2 O-O 6. Nc3 Nbd7 7. O-O c5 8. d5
Ng4 9. Nd2 Nb6 10. Qc2 f5 11. b3 Bd7 12. h3 Nf6 13. Bb2 Qc8 14. f4 Qe8 15. Rad1
Rb8 16. Nf3 h6 17. Rfe1 Nh5 18. Kh2 Qf7 19. e3 Rbe8 20. Qf2 Nf6 21. Rd2 Nc8 22.
Kg1 a6 23. Nh2 b5 24. Nd1 Nb6 25. Qe2 bxc4 26. bxc4 Na4 27. Bc1 Rb8 28. Qd3 Nh5
29. e4 Bd4+ 30. Kh1 fxe4 31. Bxe4 Kg7 32. Rde2 Bf6 33. Kg2 e5 34. f5 g5 35. Ne3
Rg8 36. Neg4 Be8 37. h4 Kf8 38. Nxh6 Qg7 39. Nxg8 Qxg8 40. hxg5 Bxg5 41. Bxg5
Qxg5 42. Qe3 Qg7 43. Kf2 Nf6 44. Bf3 Rb4 45. Rc1 Nb6 46. Qd3 Qh6 47. Rh1 Rxc4
48. Qd2 Qg7 49. Qa5 Rb4 50. Qxa6 e4 51. a3 Rb3 52. Re3 Rxe3 53. Kxe3 Nfxd5+ 54.
Kf2 Qd4+ 55. Kg2 Ne3+ 56. Kf2 Nxf5+ 57. Kg2 exf3+ 58. Nxf3 Qb2+ 59. Kg1 Qc1+
60. Kh2 Qc2+ 61. Kg1 Qb2 62. Qd3 Bd7 63. g4 c4 64. Qe4 d5 65. Qf4 Qg7 66. Rh5
c3 67. Rg5 Qf6 68. gxf5 c2 69. Qb8+ Nc8 70. Qb4+ Nd6 71. Qc5 Ba4 72. Rg6 Qd8
73. Nd4 Kf7 74. Qxd5+ Ke7 75. Qe6+ Kf8 76. Rg8# 1-0

[Event "SG Mengede 1 - SC Gerthe - Werne 1"]
[Site "Verbandsklasse - Gr. 3 2019/2"]
[Date "2020.01.19"]
[Round "5.8"]
[White "Schmidt, Jonas"]
[Black "Meise, Ulrich"]
[Result "1-0"]
[WhiteElo "1685"]
[BlackElo "1820"]
[PlyCount "81"]
[EventDate "2020.??.??"]
[WhiteTeam "SG Mengede 1"]
[BlackTeam "SC Gerthe - Werne 1"]

1. e4 e5 2. Nf3 Nf6 3. Nc3 d6 4. Bc4 Be7 5. d3 O-O 6. O-O Bg4 7. Be3 c6 8. Bb3
Nbd7 9. d4 a6 10. a4 Rb8 11. Qd3 Bxf3 12. gxf3 Nh5 13. Kh1 Bg5 14. Rg1 Bf4 15.
Rg4 Ndf6 16. Rg2 Qc8 17. Ne2 b5 18. axb5 axb5 19. Rag1 g6 20. dxe5 dxe5 21.
Bxf4 exf4 22. Qd6 Qh3 23. e5 Rfd8 24. Qxc6 Rbc8 25. Qb7 Nd7 26. Qd5 Rf8 27. e6
Ndf6 28. exf7+ Kg7 29. Qb7 Rb8 30. Qc6 Rfc8 31. f8=Q+ Kxf8 32. Qd6+ Kg7 33.
Qe7+ Kh6 34. Nd4 Re8 35. Qc5 Rbd8 36. c3 Rb8 37. Qd6 Rbd8 38. Qc5 Rb8 39. Bf7
Rec8 40. Qg5+ Kg7 41. Be6 1-0

[Event "Hervest-Dorstener SK 1 - DJK Wacker Ber"]
[Site "Verbandsklasse - Gr. 3 2019/2"]
[Date "2020.01.19"]
[Round "5.1"]
[White "Landscheidt, Heinz"]
[Black "Tig, Achmet"]
[Result "1/2-1/2"]
[WhiteElo "1824"]
[BlackElo "1967"]
[PlyCount "48"]
[EventDate "2020.??.??"]
[WhiteTeam "DJK Wacker Bergeborbeck 1"]
[BlackTeam "Hervest-Dorstener SK 1"]

1. c4 g6 2. Nc3 Bg7 3. d4 Nf6 4. e4 d6 5. Nf3 O-O 6. Be2 e5 7. Be3 Ng4 8. Bg5
f6 9. Bh4 Nc6 10. d5 Ne7 11. Nd2 Nh6 12. f3 Nf7 13. b4 c6 14. Nb3 g5 15. Bf2 f5
16. c5 cxd5 17. Nxd5 Be6 18. Bc4 Kh8 19. Nxe7 Qxe7 20. Bxe6 Qxe6 21. exf5 Qxf5
22. O-O Rad8 23. cxd6 Nxd6 24. Qe2 e4 1/2-1/2

[Event "Hervest-Dorstener SK 1 - DJK Wacker Ber"]
[Site "Verbandsklasse - Gr. 3 2019/2"]
[Date "2020.01.19"]
[Round "5.2"]
[White "Hermanowski, Mark"]
[Black "Grodotzki, Thomas"]
[Result "0-1"]
[WhiteElo "1881"]
[BlackElo "1955"]
[PlyCount "66"]
[EventDate "2020.??.??"]
[WhiteTeam "Hervest-Dorstener SK 1"]
[BlackTeam "DJK Wacker Bergeborbeck 1"]

1. e4 d5 2. e5 c5 3. f4 Nc6 4. d3 g6 5. c3 Nh6 6. Be2 Bg7 7. Na3 f6 8. d4 cxd4
9. cxd4 Qb6 10. Nc2 Bf5 11. Nf3 Rc8 12. Ne3 Be4 13. O-O Nf5 14. Nxf5 Bxf5 15.
Rf2 O-O 16. b3 Be4 17. Ba3 Nb4 18. Bf1 fxe5 19. fxe5 Bh6 20. Kh1 Be3 21. Qe1
Bxf2 22. Qxf2 Rc2 23. Qe3 Rxg2 24. Bxg2 Nc2 25. Qh6 Rxf3 26. Bc5 Qe6 27. Rc1
Qg4 28. Qd2 Ne3 29. Rg1 Rf1 30. Rxf1 Bxg2+ 31. Kg1 Bxf1+ 32. Kf2 Qg2+ 33. Kxe3
Qg5+ 0-1

[Event "Hervest-Dorstener SK 1 - DJK Wacker Ber"]
[Site "Verbandsklasse - Gr. 3 2019/2"]
[Date "2020.01.19"]
[Round "5.3"]
[White "Mombeck, Michael"]
[Black "Nowok, Frank"]
[Result "1/2-1/2"]
[WhiteElo "1980"]
[BlackElo "1865"]
[PlyCount "83"]
[EventDate "2020.??.??"]
[WhiteTeam "DJK Wacker Bergeborbeck 1"]
[BlackTeam "Hervest-Dorstener SK 1"]

1. e4 e5 2. Nf3 Nc6 3. Bc4 Bc5 4. Nc3 Nf6 5. d3 h6 6. a3 a5 7. Be3 d6 8. Bxc5
dxc5 9. Bb5 Qd6 10. Bxc6+ bxc6 11. b3 Nh5 12. g3 Bh3 13. Nh4 g6 14. Na4 O-O 15.
Qe2 Rab8 16. Qd2 c4 17. bxc4 Qd4 18. Rc1 Qd6 19. Ra1 Qd4 20. Qc3 Qd6 21. c5 Qf6
22. Qd2 Kh7 23. Qe2 Rb7 24. Kd2 Rfb8 25. Rhg1 Ng7 26. Rac1 Ne6 27. c3 Qe7 28.
Qe3 Rb3 29. Ra1 R8b5 30. Rgc1 Nxc5 31. Nxc5 Rxc5 32. a4 Qd6 33. f4 exf4 34.
gxf4 Bc8 35. e5 Qe7 36. Nf3 Rd5 37. Nd4 Ra3 38. Nxc6 Qf8 39. Qe4 Rxa1 40. Rxa1
Qc5 41. c4 Rd7 42. Rb1 1/2-1/2

[Event "Hervest-Dorstener SK 1 - DJK Wacker Ber"]
[Site "Verbandsklasse - Gr. 3 2019/2"]
[Date "2020.01.19"]
[Round "5.4"]
[White "Vengels, Joachim"]
[Black "Brandhorst, Dieter"]
[Result "1/2-1/2"]
[WhiteElo "1969"]
[BlackElo "1908"]
[PlyCount "68"]
[EventDate "2020.??.??"]
[WhiteTeam "Hervest-Dorstener SK 1"]
[BlackTeam "DJK Wacker Bergeborbeck 1"]

1. c4 e5 2. Nc3 g6 3. Nf3 Bg7 4. d4 exd4 5. Nxd4 Nf6 6. g3 O-O 7. Bg2 Nc6 8.
Nc2 d6 9. e4 Bg4 10. f3 Be6 11. Ne3 Ne7 12. O-O Qd7 13. Rf2 Bh3 14. Bh1 Rad8
15. Rd2 Nc6 16. c5 Ne8 17. cxd6 Nxd6 18. Nb5 Nxb5 19. Rxd7 Rxd7 20. Qa4 a6 21.
Bg2 Rd4 22. Qc2 Be6 23. Bd2 Rfd8 24. Be1 Nb4 25. Qe2 Nd3 26. a4 Nxe1 27. Qxe1
Na7 28. Rd1 Nc6 29. Nd5 Bxd5 30. exd5 R8xd5 31. Rxd4 Bxd4+ 32. Kf1 Bxb2 33. f4
Rc5 34. Bxc6 Rc1 1/2-1/2

[Event "Hervest-Dorstener SK 1 - DJK Wacker Ber"]
[Site "Verbandsklasse - Gr. 3 2019/2"]
[Date "2020.01.19"]
[Round "5.5"]
[White "Schaedlich, Andreas"]
[Black "Hater, Norbert"]
[Result "1/2-1/2"]
[WhiteElo "1882"]
[BlackElo "1843"]
[PlyCount "80"]
[EventDate "2020.??.??"]
[WhiteTeam "DJK Wacker Bergeborbeck 1"]
[BlackTeam "Hervest-Dorstener SK 1"]

1. e4 d5 2. exd5 Qxd5 3. Nc3 Qd6 4. Nf3 Nf6 5. h3 Bf5 6. d3 e6 7. Bg5 Be7 8.
Qd2 c6 9. Bf4 Qd8 10. Be2 Nbd7 11. O-O O-O 12. Nh4 Bg6 13. Nxg6 hxg6 14. Rfe1
Nd5 15. Nxd5 cxd5 16. d4 Rc8 17. c3 a6 18. Bd3 b5 19. a3 Nb6 20. Re2 Nc4 21.
Qc2 Qb6 22. Rae1 Rc6 23. Qd1 a5 24. Rc2 b4 25. axb4 axb4 26. Qg4 bxc3 27. bxc3
Na3 28. Rcc1 Rfc8 29. Bd2 Nc4 30. Bxc4 Rxc4 31. Qf4 Qc7 32. Qe3 Ba3 33. Rb1 Rb8
34. Qd3 Rb2 35. Rxb2 Bxb2 36. Re3 Kf8 37. Be1 Qa5 38. Kh2 Qa1 39. Qc2 Qa3 40.
Rf3 Kg8 1/2-1/2

[Event "Hervest-Dorstener SK 1 - DJK Wacker Ber"]
[Site "Verbandsklasse - Gr. 3 2019/2"]
[Date "2020.01.19"]
[Round "5.6"]
[White "Buesken, Klaus"]
[Black "Grimke, Michael"]
[Result "1-0"]
[WhiteElo "1820"]
[BlackElo "1708"]
[PlyCount "103"]
[EventDate "2020.??.??"]
[WhiteTeam "Hervest-Dorstener SK 1"]
[BlackTeam "DJK Wacker Bergeborbeck 1"]

1. Nf3 d6 2. b3 e5 3. d3 f5 4. Nbd2 Nf6 5. Bb2 Nc6 6. g3 Be7 7. Bg2 O-O 8. e4
a5 9. O-O Qe8 10. c3 f4 11. d4 fxg3 12. fxg3 exd4 13. cxd4 Bg4 14. Qc2 Qd7 15.
Qc4+ d5 16. exd5 Qxd5 17. Ne5 Qxc4 18. Ndxc4 Nd8 19. Nxg4 Nxg4 20. Rxf8+ Bxf8
21. Rf1 Nf6 22. a4 c6 23. Rf5 Bb4 24. d5 Nxd5 25. Bxd5+ cxd5 26. Rxd5 Nf7 27.
Rd7 Rb8 28. Kg2 b6 29. Bd4 b5 30. axb5 Rxb5 31. Ra7 h6 32. Ra8+ Kh7 33. Ra7 Kg6
34. h4 Be1 35. Rxf7 Rxb3 36. Rxg7+ Kf5 37. Bf2 Bc3 38. Rf7+ Ke6 39. Ra7 Rb5 40.
Ra6+ Kd5 41. Nxa5 Rxa5 42. Rxh6 Ra2 43. Kf3 Ke5 44. Be3 Ra3 45. Bf4+ Kd5 46.
Rd6+ Kc5 47. Kg4 Ra4 48. Rd7 Bb2 49. h5 Kc6 50. Rd6+ Kc5 51. Rd1 Bd4 52. Kf5
1-0

[Event "Hervest-Dorstener SK 1 - DJK Wacker Ber"]
[Site "Verbandsklasse - Gr. 3 2019/2"]
[Date "2020.01.19"]
[Round "5.7"]
[White "Hoenisch, Florian"]
[Black "Kudsin, Alexander"]
[Result "0-1"]
[WhiteElo "1425"]
[BlackElo "1741"]
[PlyCount "46"]
[EventDate "2020.??.??"]
[WhiteTeam "DJK Wacker Bergeborbeck 1"]
[BlackTeam "Hervest-Dorstener SK 1"]

1. e4 d6 2. d4 Nf6 3. Nc3 g6 4. Nf3 Bg7 5. Bd3 O-O 6. O-O c5 7. Be3 cxd4 8.
Nxd4 Ng4 9. Qd2 Nxe3 10. fxe3 Nc6 11. Nf3 Qa5 12. Nd1 Qb6 13. c3 Ne5 14. Nxe5
Bxe5 15. Rc1 Be6 16. b3 Rfc8 17. Nb2 Bg7 18. Nd1 Qa5 19. Rc2 b5 20. b4 Qb6 21.
Qf2 Rc7 22. Nb2 Rxc3 23. Rd2 Bh6 0-1

[Event "Hervest-Dorstener SK 1 - DJK Wacker Ber"]
[Site "Verbandsklasse - Gr. 3 2019/2"]
[Date "2020.01.19"]
[Round "5.8"]
[White "Schmidt, Christian"]
[Black "Goertz, Hans"]
[Result "0-1"]
[WhiteElo "1636"]
[BlackElo "1807"]
[PlyCount "106"]
[EventDate "2020.??.??"]
[WhiteTeam "Hervest-Dorstener SK 1"]
[BlackTeam "DJK Wacker Bergeborbeck 1"]

1. Nf3 d5 2. c4 c6 3. g3 Nf6 4. b3 g6 5. Bg2 Bg7 6. Bb2 O-O 7. O-O Nbd7 8. d3
Re8 9. Ne5 Ng4 10. d4 Ngxe5 11. dxe5 Nxe5 12. Qc1 dxc4 13. bxc4 Be6 14. Nd2 Qc7
15. c5 Rad8 16. Nb3 Qc8 17. f4 Ng4 18. Bxg7 Kxg7 19. Qc3+ Kg8 20. Nd4 Nf6 21.
e4 Bh3 22. Rae1 Bxg2 23. Kxg2 Qd7 24. Nf3 Qd3 25. Qb4 Qb5 26. Qc3 Qa4 27. Re2
Nxe4 28. Qe5 Nf6 29. Rfe1 Rd1 30. Rxd1 Qxd1 31. Rd2 Qb1 32. Qc7 Nd5 33. Qd7 Rf8
34. Ne5 Qe4+ 35. Nf3 Qb4 36. Rxd5 cxd5 37. Qxd5 Qb5 38. Ne5 Kg7 39. Qd4 f6 40.
Nd3 Rc8 41. Qe4 Qc6 42. Kf3 f5 43. Qxc6 Rxc6 44. Ke3 Ra6 45. Nc1 Ra4 46. Kd3
Kf6 47. Kc3 e5 48. fxe5+ Kxe5 49. Kb3 Re4 50. Kc3 Kd5 51. Nd3 Re3 52. Kd2 Rxd3+
53. Kxd3 Kxc5 0-1

[Event "SV Bönen 1 - SV Rot-Weiß-Altenessen 1"]
[Site "Verbandsklasse - Gr. 3 2019/2"]
[Date "2020.01.19"]
[Round "5.1"]
[White "Praß, Marian"]
[Black "Schlottmann, Fabian"]
[Result "0-1"]
[WhiteElo "2018"]
[BlackElo "2312"]
[PlyCount "82"]
[EventDate "2020.??.??"]
[WhiteTeam "SV Rot-Weiß-Altenessen 1"]
[BlackTeam "SV Bönen 1"]

1. e4 e6 2. d4 d5 3. Nc3 Nf6 4. e5 Nfd7 5. f4 c5 6. Nf3 Nc6 7. Be3 Qb6 8. Na4
Qa5+ 9. c3 cxd4 10. Nxd4 Nxd4 11. b4 Bxb4 12. Bxd4 Bc5 13. Nxc5 Nxc5 14. Rb1 b6
15. Bb5+ Bd7 16. Bxd7+ Nxd7 17. O-O O-O 18. Qg4 Rae8 19. Rbe1 Nc5 20. Re3 Ne4
21. Rh3 Qb5 22. Qh5 h6 23. g4 Qe2 24. Re3 Qd2 25. Ref3 Rc8 26. g5 Kh7 27. Rh3
Nxc3 28. Be3 Qxa2 29. gxh6 g6 30. Qh4 Ne4 31. f5 exf5 32. Qe7 Qc4 33. Qxa7 d4
34. Bf4 d3 35. e6 d2 36. Qd7 Qxe6 37. Qd4 f6 38. Ra3 Rfd8 39. Ra7+ Kh8 40. Qa1
Qc4 41. Re7 Qxf1+ 0-1

[Event "SV Bönen 1 - SV Rot-Weiß-Altenessen 1"]
[Site "Verbandsklasse - Gr. 3 2019/2"]
[Date "2020.01.19"]
[Round "5.2"]
[White "Lenz, Guntram"]
[Black "Rohloff, Markus"]
[Result "0-1"]
[WhiteElo "1870"]
[BlackElo "1872"]
[PlyCount "94"]
[EventDate "2020.??.??"]
[WhiteTeam "SV Bönen 1"]
[BlackTeam "SV Rot-Weiß-Altenessen 1"]

1. d4 Nf6 2. c4 g6 3. Nc3 Bg7 4. e4 d6 5. Be2 O-O 6. Bg5 h6 7. Be3 e5 8. d5 Kh7
9. g4 Ne8 10. h4 c5 11. Nf3 Rh8 12. Nd2 a6 13. Nf1 Bd7 14. Ng3 b5 15. cxb5 axb5
16. Bxb5 Bxb5 17. Nxb5 Qa5+ 18. Nc3 Nd7 19. Qd2 Nc7 20. h5 g5 21. Nf5 Bf8 22.
O-O Ne8 23. Qe2 Ng7 24. Nxg7 Bxg7 25. Qf3 Nf6 26. Qf5+ Kg8 27. a4 Qb4 28. Rfb1
Ne8 29. Qd7 Nf6 30. Qf5 Ne8 31. Kg2 Bf8 32. Ra3 Ng7 33. Qd7 f5 34. gxf5 Rh7 35.
Qb5 Nxh5 36. Rb3 Qxb5 37. Rxb5 Nf4+ 38. Kf3 h5 39. Bxf4 exf4 40. b4 Bg7 41. Rb3
c4 42. Ra3 Be5 43. a5 g4+ 44. Kg2 h4 45. a6 h3+ 46. Kh1 g3 47. f3 h2 0-1

[Event "SV Bönen 1 - SV Rot-Weiß-Altenessen 1"]
[Site "Verbandsklasse - Gr. 3 2019/2"]
[Date "2020.01.19"]
[Round "5.3"]
[White "Birdaini, Becir"]
[Black "Fuest, Torsten"]
[Result "1/2-1/2"]
[WhiteElo "2000"]
[BlackElo "1888"]
[PlyCount "59"]
[EventDate "2020.??.??"]
[WhiteTeam "SV Rot-Weiß-Altenessen 1"]
[BlackTeam "SV Bönen 1"]

1. e4 c6 2. d4 d5 3. exd5 cxd5 4. Bd3 Nc6 5. c3 Nf6 6. h3 g6 7. Nf3 Qc7 8. Qe2
Bg7 9. O-O O-O 10. Re1 Re8 11. Nbd2 a6 12. Nb3 Nd7 13. Bd2 e5 14. dxe5 Ndxe5
15. Bf4 Qe7 16. Nxe5 Nxe5 17. Bxe5 Bxe5 18. f4 Bd6 19. Qf2 Qd8 20. f5 Bd7 21.
fxg6 hxg6 22. Rxe8+ Bxe8 23. Re1 Bd7 24. Rf1 Qe7 25. Re1 Qg5 26. Qf3 Re8 27.
Rf1 Re7 28. Rf2 Re1+ 29. Bf1 Re7 30. Bd3 1/2-1/2

[Event "SV Bönen 1 - SV Rot-Weiß-Altenessen 1"]
[Site "Verbandsklasse - Gr. 3 2019/2"]
[Date "2020.01.19"]
[Round "5.4"]
[White "Merz, Martin"]
[Black "Kordonowski, Frank"]
[Result "1-0"]
[WhiteElo "1975"]
[BlackElo "1959"]
[PlyCount "83"]
[EventDate "2020.??.??"]
[WhiteTeam "SV Bönen 1"]
[BlackTeam "SV Rot-Weiß-Altenessen 1"]

1. d4 Nf6 2. Bf4 d5 3. e3 e6 4. Nd2 Be7 5. Ngf3 Nbd7 6. h3 Nf8 7. Bd3 Ng6 8.
Bh2 a5 9. O-O O-O 10. Qe2 Nd7 11. c4 Bf6 12. e4 dxe4 13. Nxe4 Be7 14. Rad1 Nf6
15. Nxf6+ gxf6 16. Qe3 Kg7 17. h4 Rg8 18. h5 Nf8 19. Rfe1 Bd6 20. Bf4 Kh8 21.
c5 Bxf4 22. Qxf4 Bd7 23. Be4 Rb8 24. d5 e5 25. Qh6 Bg4 26. Rd3 Rg7 27. d6 c6
28. Nh2 f5 29. Nxg4 fxg4 30. d7 f6 31. Bf5 Rg5 32. Qxg5 fxg5 33. Rxe5 Qf6 34.
Re8 Rd8 35. Rde3 Rxd7 36. Bxd7 Kg7 37. Bxg4 Kf7 38. Rxf8+ Kxf8 39. Rf3 Ke7 40.
Rxf6 Kxf6 41. Bc8 Ke5 42. h6 1-0